| 000 | 02611cam a2200325 a 4500 | ||
|---|---|---|---|
| 001 | 16710890 | ||
| 003 | OSt | ||
| 005 | 20170105102906.0 | ||
| 008 | 110328s2012 enkab b 001 0 eng | ||
| 010 | _a 2011010801 | ||
| 020 | _a9780415589505 (hbk) | ||
| 020 | _a9780203803844 (ebk) | ||
| 040 |
_aDLC _cDLC |
||
| 042 | _apcc | ||
| 050 | 0 | 0 |
_aHT153 _b.C85 2012 |
| 082 | 0 | 0 |
_a307.76 _222 _bCUL 2012 |
| 245 | 0 | 0 |
_aCultural political economy of small cities / _cedited by Anne Lorentzen and Bas van Heur. |
| 260 |
_aMilton Park, Abingdon, Oxon ; _aNew York : _bRoutledge, _cc2012. |
||
| 300 |
_axiv, 216 p. : _bill., maps ; _c25 cm. |
||
| 504 | _aIncludes bibliographical references and index. | ||
| 505 | 0 | _aIntroduction, cultural political economy of small cities / Anne Lorentzen and Bas van Heur -- Small cities and the sociospatial specificity of economic development : a heuristic approach / Bas van Heur 3. On a road to nowhere : a comment on amenities and urban and regional development / Høgni Kalsø Hansen and Lars Winther -- Finding creativity in a small city : how qualitative mapping methods can reveal new geographies of creativity / Chris Brennan-Horley -- Sustaining small cities through leisure, culture and experience economy / Anne Lorentzen -- Clarifying creativity and culture in a small city on the Canadian periphery : challenges and opportunities in greater Sudbury / Heather M. Hall and Betsy Donald -- The role of arts and culture in economic regeneration : Gaelic in Glasgow / Douglas Chalmers and Mike Danson -- Making a micropole : the experiensation of Vejle / Søren Smidt-Jensen -- Eclectic creativity : interdisciplinary creative alliances as informal cultural strategy / Alison Bain and Dylann McLean -- Europe's internal periphery : small towns in the context of reflexive polycentricity / Paul L. Knox and Heike Mayer -- Shifting strategies and contexts for culture in small city planning : interlinking quality of life, economic development, downtown vitality, and community sustainability / Nancy Duxbury -- Conflicting economic and cultural subjectivities : governing the future of a small and shrinking city / Nina Gribat -- Landscapes of nostalgia : place marketing and nostalgia in the American small town / Jennifer Mapes. | |
| 650 | 0 |
_aSmall cities _xEconomic aspects. |
|
| 650 | 0 | _aSociology, Urban. | |
| 650 | 0 | _aCity planning. | |
| 700 | 1 | _aLorentzen, Anne. | |
| 700 | 1 | _aHeur, Bas van. | |
| 906 |
_a7 _bcbc _corignew _d1 _eecip _f20 _gy-gencatlg |
||
| 942 |
_2ddc _cBK |
||
| 999 |
_c14874 _d14874 |
||